China in the year 2001

Na minha lista:
Detalhes bibliográficos
Autor principal: Suyn, Han
Formato: Livro
Idioma:Undetermined
Publicado em: London Watts 1967
Assuntos:
Tags: Adicionar Tag
Sem tags, seja o primeiro a adicionar uma tag!
Thư viện lưu trữ: Trung tâm Học liệu Trường Đại học Cần Thơ
LEADER 00438nam a2200181Ia 4500
001 CTU_90153
008 210402s9999 xx 000 0 und d
082 |a 309.151 
082 |b S965 
100 |a Suyn, Han 
245 0 |a China in the year 2001 
245 0 |c Han Suyn 
260 |a London 
260 |b Watts 
260 |c 1967 
650 |a China 
904 |i Nguyên,Hải 
980 |a Trung tâm Học liệu Trường Đại học Cần Thơ